[Event "FRA-chT4 0304"]
[Site "Bretagne"]
[Date "2004.01.18"]
[Round "4"]
[White "Collin, Michel"]
[Black "Leroy, Christian"]
[Result "1/2-1/2"]
[WhiteElo "1690"]
[BlackElo "1320"]
[PlyCount "109"]
[EventDate "2003.10.12"]
[EventType "team"]
[EventRounds "9"]
[EventCountry "FRA"]
[SourceTitle "EXT 2005"]
[Source "ChessBase"]
[SourceDate "2004.11.15"]
[SourceVersion "1"]
[SourceVersionDate "2004.11.15"]
[SourceQuality "1"]

1. d4 d5 2. c4 e6 3. Nf3 c6 4. Nc3 Nd7 5. e3 Ngf6 6. Bd2 Be7 7. Qc2 0-0 8. Bd3 b6 9. cxd5 cxd5 10. h3 Bb7 11. 0-0 Rc8 12. a3 g6 13. Rfe1 Qc7 14. Rac1 e5 15. Qb1 Qb8 16. e4 Rfe8 17. exd5 exd4 18. Nxd4 a6 19. Bg5 Bc5 20. Nf3 Nxd5 21. Nxd5 Bxd5 22. Bxa6 Rxe1+ 23. Rxe1 Re8 24. Rxe8+ Qxe8 25. Qd1 Bxf3 26. Qxf3 Qe1+ 27. Bf1 Ne5 28. Qe2 Qxe2 29. Bxe2 f5 30. Be3 Bxe3 31. fxe3 Kf8 32. Kf2 Ke7 33. Ke1 Nd7 34. Kd2 Nc5 35. Kc3 Kd6 36. Bc4 Ke5 37. Kd2 h6 38. b4 Ne4+ 39. Ke2 g5 40. Ke1 Nc3 41. Kd2 Nb1+ 42. Kc1 Nxa3 43. Bd3 b5 44. Kb2 Nc4+ 45. Bxc4 bxc4 46. b5 Kd5 47. b6 Kc6 48. b7 Kxb7 49. Kc3 Kc6 50. Kxc4 Kd6 51. Kd4 Ke6 52. Kd3 Ke5 53. Ke2 Ke4 54. Kf2 h5 55. Ke2 1/2-1/2